The medieval cult of saints : formations and transformations

Αποθηκεύτηκε σε:
Λεπτομέρειες βιβλιογραφικής εγγραφής
Κύριος συγγραφέας: Abou-El-Haj, Barbara Fay 1943-
Μορφή: Βιβλίο
Γλώσσα:English
Δημοσίευση: Cambridge : Cambridge University Press, 1997
Θέματα:
Ετικέτες: Προσθήκη ετικέτας
Δεν υπάρχουν, Καταχωρήστε ετικέτα πρώτοι!

MARC

LEADER 00000nam a2200000 i 4500
001 1/12373
008 980213s1997 eng d
020 |a 0-521-39316-7 
035 |1 ΠΑΡ  |a 1997  |l 10018603 
040 |a GR-MY-UA  |b gre  |e aacr 
041 0 |a eng 
082 0 |a 235.20940902 
100 1 |a Abou-El-Haj, Barbara Fay  |d 1943- 
245 1 4 |a The medieval cult of saints :  |b formations and transformations /  |c Barbara Abou-El-Haj 
260 |a Cambridge :   |b Cambridge University Press,   |c 1997 
300 |a 456 p.  |b ill.; maps; tables 
504 |a Includes bibliographical references and index 
600 1 0 |a Amand  |c Saint  |d ca.584-ca.676  |x Cult. 
610 1 0 |a Saint-Amand-Les-Eaux (Abbey) 
650 0 0 |a Christian saints  |x Cult  |z Europe  |x History  |y Middle ages, 600-1500. 
650 0 0 |a Art and religion. 
650 0 0 |a Architecture and religion. 
852 |a INST  |b LESVOS  |e 19980213  |h 235.20940902 ABO  |p 005100015179  |q 005100015179  |t BK  |y 0 
901 |a BIBL-1998-2 
909 |a Λ  |b 052206 
922 |a 1ΕΛΗ  |b 199712  |c ΚΠΣ/ΜΠΕΝΒΕΝΙΣΤΕ  |d ΠΑΠΑΣΩΤΗΡΙΟΥ 
950 |a 089-1996-07-16